siRNA Based Inhibition of dengue virus and prediction of possible vaccinal targets/ (Record no. 330437)

000 -LEADER
fixed length control field 00703nam a22002057a 4500
003 - CONTROL NUMBER IDENTIFIER
control field ASAB
005 - DATE AND TIME OF LATEST TRANSACTION
control field 20240702100251.0
008 - FIXED-LENGTH DATA ELEMENTS--GENERAL INFORMATION
fixed length control field 170712b xxu||||| |||| 00| 0 eng d
038 ## - RECORD CONTENT LICENSOR
Staff Name 000
040 ## - CATALOGING SOURCE
Transcribing agency ASAB
082 ## - DEWEY DECIMAL CLASSIFICATION NUMBER
Classification number 200
100 ## - MAIN ENTRY--PERSONAL NAME
Personal name Ummar Raheel.
9 (RLIN) 3254
245 ## - TITLE STATEMENT
Title siRNA Based Inhibition of dengue virus and prediction of possible vaccinal targets/
Statement of responsibility, etc. Ummar Raheel-
260 ## - PUBLICATION, DISTRIBUTION, ETC.
Place of publication, distribution, etc. Islamabad.
Name of publisher, distributor, etc. Atta Ur Rahman School of Applied Biosciences NUST
Date of publication, distribution, etc. 2015.
300 ## - PHYSICAL DESCRIPTION
Extent 210,p;
Other physical details ill;
Dimensions 30,cm.
600 ## - SUBJECT ADDED ENTRY--PERSONAL NAME
General subdivision PhD-Virology and Immunology
9 (RLIN) 123978
700 ## - ADDED ENTRY--PERSONAL NAME
Personal name Supervisor:Dr. Najam Us Sahar Sadaf Zaidi,
9 (RLIN) 123938
856 ## - ELECTRONIC LOCATION AND ACCESS
Uniform Resource Identifier <a href=" http://10.250.8.41:8080/xmlui/handle/123456789/26642"> http://10.250.8.41:8080/xmlui/handle/123456789/26642</a>
942 ## - ADDED ENTRY ELEMENTS (KOHA)
Source of classification or shelving scheme
Koha item type Soft Copy
Holdings
Withdrawn status Lost status Source of classification or shelving scheme Damaged status Not for loan Collection code Permanent Location Current Location Date acquired Total Checkouts Full call number Barcode Date last seen Price effective from Koha item type Shelving location
            Atta-ur-Rahman School of Applied Biosciences (ASAB) Atta-ur-Rahman School of Applied Biosciences (ASAB) 07/12/2017   Thesis 2015 UR ASABPHD17 07/12/2017 07/12/2017 Thesis  
            Central Library (CL) Central Library (CL) 08/18/2019   200 CLPT-345 08/18/2019 08/18/2019 Soft Copy Thesis
© 2023 Central Library, National University of Sciences and Technology. All Rights Reserved.